Welcome to CU Library Online Public Access Catalogue (OPAC)

Psychodynamic psychiatry in clinical practice / (Record no. 3631)

MARC details
000 -LEADER
fixed length control field 00704cam a2200229 a 4500
001 - CONTROL NUMBER
control field 1036215
005 - DATE AND TIME OF LATEST TRANSACTION
control field 20250208083533.0
008 - FIXED-LENGTH DATA ELEMENTS--GENERAL INFORMATION
fixed length control field 891114s1990 dcu b 001 0 eng c
020 ## - INTERNATIONAL STANDARD BOOK NUMBER
International Standard Book Number 0880483172 (alk. paper)
050 00 - LIBRARY OF CONGRESS CALL NUMBER
Classification number RC504
Item number G23 1990
082 00 - DEWEY DECIMAL CLASSIFICATION NUMBER
Classification number 616.89/1
Edition information 20
100 1# - MAIN ENTRY--PERSONAL NAME
Personal name Gabbard, Glen O.
245 10 - TITLE STATEMENT
Title Psychodynamic psychiatry in clinical practice /
Statement of responsibility, etc. Glen O. Gabbard.
260 ## - PUBLICATION, DISTRIBUTION, ETC.
Place of publication, distribution, etc. Washington, DC :
Name of publisher, distributor, etc. American Psychiatric Press,
Date of publication, distribution, etc. c1990.
300 ## - PHYSICAL DESCRIPTION
Extent xvi, 505 p. ;
Dimensions 24 cm.
650 #0 - SUBJECT ADDED ENTRY--TOPICAL TERM
Topical term or geographic name entry element Psychodynamic psychotherapy.
650 #2 - SUBJECT ADDED ENTRY--TOPICAL TERM
Topical term or geographic name entry element Biological Psychiatry.
650 #2 - SUBJECT ADDED ENTRY--TOPICAL TERM
Topical term or geographic name entry element Mental Disorders
General subdivision therapy.
650 #2 - SUBJECT ADDED ENTRY--TOPICAL TERM
Topical term or geographic name entry element Psychoanalytic Therapy.
650 #2 - SUBJECT ADDED ENTRY--TOPICAL TERM
Topical term or geographic name entry element Psychotherapy.
942 ## - ADDED ENTRY ELEMENTS (KOHA)
Source of classification or shelving scheme Library of Congress Classification
Koha item type Books
Suppress in OPAC No
999 ## -
-- 3631
-- 3631
Holdings
Withdrawn status Lost status Source of classification or shelving scheme Damaged status Not for loan Collection Home library Current library Shelving location Date acquired Total checkouts Full call number Barcode Date last seen Copy number Price effective from Koha item type
    Library of Congress Classification     Non-fiction Science Library (Miotso) Science Library (Miotso) General stacks 02/08/2025   RC504 .G23 GAB SLM00003148 02/08/2025 1 02/08/2025 Books
© 2023-2024 Copyright: Central University Libraries. All Rights Reserved | Created by: Mahone Tech Office